000 00648nam a2200193Ii 4500
003 JO-AjNU
008 230605s9999||||xx |||||||||||||| ||und||
040 _aJO-AjNU
_bara
_erda
_cJO-AjNU
041 _aara
050 1 4 _aTA113.N3688 2008
100 3 _aنقابة المهندسين الاردنيين ,
_eauthor
_952219
245 0 0 _aتعليمات ممارسة مهنة الهندسة
264 3 1 _aعمان: نقابة المهندسين،2008
300 _a63ص
336 _atext
_btxt
_2rdacontent
337 _aunmediated
_bn
_2rdamedia
338 _avolume
_bnc
_2rdacarrier
650 4 _aانظمة تعليمات-الهندسة
_952220
999 _aA23119
_c26687
_d26687